| 000 | 01262cam a22003134a 4500 | ||
|---|---|---|---|
| 001 | 13701348 | ||
| 003 | OSt | ||
| 005 | 20151008091227.0 | ||
| 008 | 040827s2005 njua b 001 0 eng | ||
| 010 | _a 2004020335 | ||
| 020 | _a0131475738 (pbk. : alk. paper) | ||
| 040 |
_aDLC _cDLC _dDLC |
||
| 042 | _apcc | ||
| 050 | 0 | 0 |
_aTK5105.59 _b.I5455 2004 |
| 082 | 0 | 0 |
_a005.8 _222 |
| 245 | 0 | 0 |
_aInternet denial of service : _battack and defense mechanisms / _cJelena Mirkovic ... [et al.]. |
| 260 |
_aUpper Saddle River, N.J. : _bPrentice Hall Professional Technical Reference, _c2005. |
||
| 300 |
_axxii, 372 p. : _bill. ; _c24 cm. |
||
| 440 | 4 | _aThe Radia Perlman series in computer networking and security | |
| 504 | _aIncludes bibliographical references (p. 335-350) and index. | ||
| 650 | 0 |
_aComputer networks _xSecurity measures. |
|
| 650 | 0 |
_aInternet _xSecurity measures. |
|
| 650 | 0 |
_aComputer crimes _xPrevention. |
|
| 700 | 1 | _aMirkovic, Jelena. | |
| 856 | 4 | 1 |
_3Table of contents _uhttp://www.loc.gov/catdir/toc/ecip0422/2004020335.html |
| 906 |
_a7 _bcbc _corignew _d1 _eecip _f20 _gy-gencatlg |
||
| 942 |
_2lcc _cBK |
||
| 999 |
_c250305 _d250305 |
||